French Guiana City Quiz - Statistics

General Stats
  • This quiz has been taken 14 times
  • The average score is 4 of 7
Answer Stats
City % Correct
Cayenne
100%
Saint-Laurent-du-Maroni
78%
Kourou
67%
Matoury
44%
Remire-Montjoly
44%
Mana
22%
Macouria
11%
No matching quizzes found
Score Distribution
Percent of People with Each Score
Percentile by Number Answered
Your Score History
You have not taken this quiz